| 000 | 00346nab a22001097u 4500 | ||
|---|---|---|---|
| 008 | 130520b2004 xxu||||| |||| 00| 0 spa d | ||
| 041 | _aspa | ||
| 100 | 1 |
_aTomka, Miklós _967250 |
|
| 245 | 0 | 0 |
_aLa Europa poscomunista y la persistencia del ateísmo _cMiklós Tomka |
| 773 | 0 |
_tConcilium _gnº305,2004,págs. 131-140 _x0210-1041 _wRev134 |
|
| 942 | _cAR | ||
| 999 |
_c368963 _d368963 |
||